| 000 | 02627nam a2200301 a 4500 | ||
|---|---|---|---|
| 003 | OSt | ||
| 005 | 20260209143931.0 | ||
| 007 | cr ||||||a|c|a | ||
| 008 | 230522s2019 mx a|||fom||| 001 0 spa d | ||
| 040 | _erda | ||
| 100 | 1 |
_9187131 _aNanco Colula, Felipe |
|
| 245 | 1 | 0 |
_aSoporte en la creación e implementación de registros y métodos de control para la realización y fortalecimiento de Hl´s Truper servicios S.A. de C.V. / _cpor Felipe Nanco Colula y José Ramón Nanco Colula; director de tesis María Victoria Gómez Águila. |
| 264 | 1 |
_aChapingo, México : _bEl autor, _c2019. |
|
| 300 |
_a1 recurso en línea (43 páginas): _bfiguras. |
||
| 336 |
_2rdacontent _atexto _btxt |
||
| 337 |
_2rdamedia _acomputadora _bc |
||
| 338 |
_2rdacarrier _arecurso en línea _bcr |
||
| 502 |
_bIMAg _cMecánica _d2019. _gLIC |
||
| 504 | _aIncluye referencias bibliográficas: páginas 37. | ||
| 520 | _aEl siguiente Informe nos muestra cómo se utiliza la información correspondiente al área de Calidad en la empresa TRUPER SERVICIOS S.A. de C.V. la cual es de gran importancia para dar a conocer un proceso correctamente. En primer lugar, nos muestra una serie de conceptos o términos utilizados en la empresa para definir ciertas características a evaluar, son necesarios para entender correctamente las situaciones que se van a corregir o actualizar. Cuando se dan por entendidos los requerimientos de la instancia se procede a utilizar las mismas herramientas del sistema es decir se deben utilizar los mismos formatos que se dan de alta en el sistema de calidad y solo es cuestión de agregar las características que más se ajusta a las necesidades que se describen en el proceso. Es de gran importancia cumplir con los lineamientos que existen en la empresa ya que al modificar la documentación esta debe cumplir siempre con los puntos descritos en su sistema que es aprobado bajo la supervisión de la Dirección de Calidad. Para finalizar se omite información que es confidencial para la empresa entre esta se encuentran nombres, firmas, logotipos, formatos exclusivos por lo que hace que el informe carezca de ciertos trabajos realizados. | ||
| 650 | 4 |
_9187133 _aMaquinaria y equipamiento agrícola _xEvaluación _xMetodología |
|
| 650 | 4 |
_9134335 _aMaquinaria agrícola _xNormas de calidad |
|
| 650 | 4 |
_9134815 _aMaquinaria agrícola _xCalidad |
|
| 700 | 1 |
_9187132 _aNanco Colula, José Ramón |
|
| 700 | 1 |
_9185726 _aGómez Águila, María Victoria _eDirector de tesis. |
|
| 856 |
_uhttp://10.13.5.2/tesis/tl/Nanco_Colula_Felipe.pdf _zDESCARGAR PDF |
||
| 942 |
_2Clasificación Universidad Autónoma Chapingo _cTD |
||
| 999 |
_c218801 _d218801 |
||